[Event "20th Amber Rapid"]
[Site "Monaco MNC"]
[Date "2011.03.14"]
[Round "3"]
[White "Gelfand, Boris"]
[Black "Anand, Viswanathan"]
[Result "0-1"]
[WhiteTitle "GM"]
[BlackTitle "GM"]
[WhiteElo "2733"]
[BlackElo "2817"]
[WhiteFideId "2805677"]
[BlackFideId "5000017"]
[EventDate "2011.03.12"]

1. d4 Nf6 2. c4 e6 3. Nc3 Bb4 4. e3 c5 5. Ne2 b6 6. a3 Ba5 7. Rb1 Na6 8. g3 Bb7
9. d5 b5 10. Bg2 bxc4 11. O-O O-O 12. e4 d6 13. Bg5 exd5 14. Nf4 Nc7 15. Nh5
Nce8 16. exd5 h6 17. Nxf6+ Nxf6 18. Bxf6 Qxf6 19. Qa4 Bxc3 20. bxc3 Bc8 21. Qxc4
Bf5 22. Rbe1 Rab8 23. Re3 Bd7 24. Rfe1 Rb2 25. Rf3 Qg5 26. Rfe3 Qf5 27. Rf3 Rb1
28. Re3 Rfb8 29. Be4 Rxe1+ 30. Rxe1 Qf6 31. Rb1 Re8 32. h4 g5 33. hxg5 hxg5 34.
Qd3 Qe5 35. Rb7 Bg4 36. Bg6 Re7 37. Rxe7 Qxe7 38. Be4 Qe5 39. Qe3 Kg7 40. f4 Qe7
41. Kf2 Qf6 42. Kg1 gxf4 43. gxf4 Bf5 44. Bg2 c4 45. Kf2 Bd3 46. Qg3+ Kf8 47.
Qg5 Qxc3 48. Qd8+ Kg7 49. Qxd6 Qd4+ 50. Kg3 c3 51. Qe7 c2 52. Qg5+ Bg6 53. f5
Qc3+ 0-1

[Event "20th Amber Rapid"]
[Site "Monaco MNC"]
[Date "2011.03.17"]
[Round "5"]
[White "Aronian, Levon"]
[Black "Gashimov, Vugar"]
[Result "1-0"]
[WhiteTitle "GM"]
[BlackTitle "GM"]
[WhiteElo "2808"]
[BlackElo "2746"]
[WhiteFideId "13300474"]
[BlackFideId "13400630"]
[EventDate "2011.03.12"]

1. d4 d5 2. c4 c6 3. Nc3 Nf6 4. cxd5 cxd5 5. Bf4 Nc6 6. e3 a6 7. Rc1 Bg4 8. f3
Bc8 9. g4 g6 10. h4 h6 11. Qd2 Bg7 12. Qh2 e6 13. Bc7 Qe7 14. a3 g5 15. Bd6 Qd8
16. hxg5 Ng8 17. g6 fxg6 18. Bd3 Nge7 19. Nge2 Kf7 20. Bc7 Qd7 21. Bb6 e5 22.
Bc5 Re8 23. Bxe7 Qxe7 24. Nxd5 Qd8 25. g5 Rh8 26. Bxg6+ Kf8 27. Nf6 Ke7 28. Rxc6
bxc6 29. Qxe5+ Kf8 30. Qf4 Ke7 31. Nh7 Rxh7 32. Qf7+ Kd6 33. Bxh7 Qxg5 34. Rg1
Be6 35. Rxg5 1-0

[Event "20th Amber Rapid"]
[Site "Monaco MNC"]
[Date "2011.03.17"]
[Round "5"]
[White "Karjakin, Sergey"]
[Black "Anand, Viswanathan"]
[Result "1/2-1/2"]
[WhiteTitle "GM"]
[BlackTitle "GM"]
[WhiteElo "2776"]
[BlackElo "2817"]
[WhiteFideId "14109603"]
[BlackFideId "5000017"]
[EventDate "2011.03.12"]

1. e4 c5 2. Nf3 d6 3. d4 cxd4 4. Nxd4 Nf6 5. Nc3 a6 6. Be3 e5 7. Nf3 Be7 8. Bc4
O-O 9. O-O Qc7 10. Bb3 Be6 11. Qd3 Rc8 12. Nh4 g6 13. Bg5 Nbd7 14. Bxe6 fxe6 15.
Qh3 Nf8 16. Nf3 b5 17. Qh4 N8d7 18. Qh3 Nf8 19. a3 Nh5 20. Rfd1 Bxg5 21. Nxg5
Qe7 22. Qe3 Nf6 23. Nf3 N8d7 24. Ne1 Rab8 25. f3 Nb6 26. b3 d5 27. exd5 exd5 28.
Ne2 d4 29. Qg5 Nbd5 30. Ng3 Ne3 31. Rd2 Nfd5 32. Qxe7 Nxe7 33. Ne4 N7d5 34. h4
Nc3 35. Nxc3 Rxc3 36. a4 b4 37. a5 Kf7 38. f4 exf4 39. Rxd4 Nxc2 40. Rxf4+ Kg7
41. Nxc2 Rxc2 42. Rd1 Rc7 43. Rd6 Ra7 44. Rb6 Rxb6 45. axb6 Rb7 46. Rxb4 Kf6 47.
Kf2 Ke5 48. Ke3 Kd5 49. Kf4 h6 50. g4 Kc5 51. Rc4+ Kd5 52. Rb4 1/2-1/2

[Event "20th Amber Rapid"]
[Site "Monaco MNC"]
[Date "2011.03.17"]
[Round "5"]
[White "Grischuk, Alexander"]
[Black "Topalov, Veselin"]
[Result "1-0"]
[WhiteTitle "GM"]
[BlackTitle "GM"]
[WhiteElo "2747"]
[BlackElo "2775"]
[WhiteFideId "4126025"]
[BlackFideId "2900084"]
[EventDate "2011.03.12"]

1. d4 f5 2. Bg5 g6 3. e3 Bg7 4. Nf3 d6 5. c4 h6 6. Bf4 Nd7 7. Nc3 e5 8. Bg3 g5
9. h3 Ne7 10. Be2 O-O 11. O-O f4 12. Bh2 exd4 13. Nxd4 Ne5 14. exf4 gxf4 15. Kh1
N7g6 16. Qd2 c6 17. Rad1 Qh4 18. f3 Bd7 19. Rfe1 Rad8 20. Bf1 a6 21. Re4 Kh8 22.
b3 Qf6 23. Nde2 d5 24. cxd5 Bf5 25. Nxf4 Bxe4 26. Nxe4 Qf7 27. Nxg6+ Qxg6 28. d6
Rf7 29. Re1 Rfd7 30. Bd3 Nxd3 31. Qxd3 Qf5 32. Rd1 Re8 33. b4 a5 34. a3 axb4 35.
axb4 Rdd8 36. Bg3 Be5 37. Qe3 Qg6 38. Bxe5+ Rxe5 39. Qb6 Rd7 40. Qd4 Rg7 41. Qb2
Rd5 42. Rxd5 cxd5 43. d7 Qb6 44. Qf6 1-0

[Event "20th Amber Rapid"]
[Site "Monaco MNC"]
[Date "2011.03.18"]
[Round "6"]
[White "Aronian, Levon"]
[Black "Grischuk, Alexander"]
[Result "0-1"]
[WhiteTitle "GM"]
[BlackTitle "GM"]
[WhiteElo "2808"]
[BlackElo "2747"]
[WhiteFideId "13300474"]
[BlackFideId "4126025"]
[EventDate "2011.03.12"]

1. d4 Nf6 2. c4 g6 3. Nc3 Bg7 4. g3 O-O 5. Bg2 c5 6. d5 d6 7. h3 Re8 8. Nf3 e6
9. Nd2 exd5 10. cxd5 Nbd7 11. O-O a6 12. a4 Rb8 13. Nc4 Ne5 14. Na3 Nh5 15. e4
Bd7 16. a5 b5 17. axb6 Bb5 18. Ncxb5 axb5 19. g4 Nf6 20. Nxb5 Qxb6 21. Na3 Qb3
22. Rb1 Qxd1 23. Rxd1 Rb3 24. Bd2 Nfd7 25. Bc3 g5 26. Kh1 Ra8 27. Bf1 Rxc3 28.
bxc3 Rxa3 29. Rdc1 Ra2 30. Kg2 Ng6 31. Bc4 Ra7 32. Bf1 Be5 33. Ra1 Rxa1 34. Rxa1
Bxc3 35. Ra6 Be5 36. Kf3 Kg7 37. Ke2 c4 38. f3 Nc5 39. Ra7 c3 40. Kd1 Nh4 41.
Bb5 Nxf3 42. Be8 Nd4 43. Rxf7+ Kg8 0-1

[Event "20th Amber Rapid"]
[Site "Monaco MNC"]
[Date "2011.03.18"]
[Round "6"]
[White "Gashimov, Vugar"]
[Black "Topalov, Veselin"]
[Result "1-0"]
[WhiteTitle "GM"]
[BlackTitle "GM"]
[WhiteElo "2746"]
[BlackElo "2775"]
[WhiteFideId "13400630"]
[BlackFideId "2900084"]
[EventDate "2011.03.12"]

1. c4 e5 2. Nc3 Nf6 3. g3 Bb4 4. Bg2 O-O 5. d3 Re8 6. Bd2 c6 7. Nf3 d5 8. O-O h6
9. Nxd5 Nxd5 10. cxd5 Bxd2 11. Nxd2 cxd5 12. Qb3 Be6 13. Qxb7 Nd7 14. Qa6 Nc5
15. Qa3 Qb6 16. Rfc1 Rac8 17. Rc3 d4 18. Rc2 Na6 19. Rac1 Rxc2 20. Rxc2 Nb4 21.
Rc1 Nxa2 22. Nc4 Nxc1 23. Nxb6 axb6 24. Qa4 Rd8 25. Bf3 Bh3 26. Bg2 Nxe2+ 27.
Kf1 Bxg2+ 28. Kxg2 e4 29. Qd1 exd3 30. Kf1 g5 31. Ke1 Nc3 32. Qxd3 Re8+ 33. Kf1
Ne2 34. Qxe2 Rxe2 35. Kxe2 Kf8 36. Kd3 Ke7 37. Kxd4 Kd6 38. g4 f6 39. Kc4 Kc6
40. b3 b5+ 41. Kb4 Kb6 42. h3 Kc6 43. Ka5 Kc5 44. b4+ Kc4 45. f3 1-0

[Event "20th Amber Rapid"]
[Site "Monaco MNC"]
[Date "2011.03.18"]
[Round "6"]
[White "Carlsen, Magnus"]
[Black "Karjakin, Sergey"]
[Result "1-0"]
[WhiteTitle "GM"]
[BlackTitle "GM"]
[WhiteElo "2815"]
[BlackElo "2776"]
[WhiteFideId "1503014"]
[BlackFideId "14109603"]
[EventDate "2011.03.12"]

1. e4 e5 2. Nf3 Nc6 3. Bb5 a6 4. Ba4 Nf6 5. O-O Be7 6. d3 b5 7. Bb3 d6 8. a4 b4
9. Nbd2 O-O 10. Re1 Na5 11. Ba2 c5 12. c3 Rb8 13. d4 cxd4 14. cxd4 Qc7 15. Nb3
Nxb3 16. Bxb3 Bg4 17. Bg5 exd4 18. Qxd4 Bxf3 19. gxf3 Nh5 20. Rac1 Qd7 21. Bxe7
Qxe7 22. e5 Qg5+ 23. Qg4 Qxg4+ 24. fxg4 Nf4 25. Rc6 dxe5 26. Rxa6 Nd3 27. Re3
Nxb2 28. a5 e4 29. Rxe4 Nd3 30. Rc6 Ra8 31. a6 h5 32. g5 Rfc8 33. Rxc8+ Rxc8 34.
g6 1-0

[Event "20th Amber Rapid"]
[Site "Monaco MNC"]
[Date "2011.03.19"]
[Round "7"]
[White "Topalov, Veselin"]
[Black "Giri, Anish"]
[Result "1/2-1/2"]
[WhiteTitle "GM"]
[BlackTitle "GM"]
[WhiteElo "2775"]
[BlackElo "2690"]
[WhiteFideId "2900084"]
[BlackFideId "24116068"]
[EventDate "2011.03.12"]

1. d4 Nf6 2. c4 e6 3. Nc3 Bb4 4. e3 O-O 5. Bd3 d5 6. Nf3 b6 7. O-O Bb7 8. a3 Bd6
9. Qe2 c5 10. Rd1 Nbd7 11. cxd5 exd5 12. Ba6 Bxa6 13. Qxa6 c4 14. b3 Qc8 15.
Qxc8 Rfxc8 16. Bd2 a6 17. a4 Bb4 18. Rdb1 cxb3 19. Rxb3 Rc4 20. Nb1 Bd6 21. Ne1
Rac8 22. f3 h5 23. h3 h4 24. Kf2 Kf8 25. Ke2 Ke7 26. Nc3 Ke6 27. Rab1 Nh5 28.
Kd3 f5 29. Nc2 Nhf6 30. Nb4 Bxb4 31. Rxb4 Rxb4 32. Rxb4 g5 33. Rb1 Rg8 34. Rc1
Rc8 35. e4 dxe4+ 36. fxe4 Nxe4 37. Nxe4 fxe4+ 38. Kxe4 Nf6+ 39. Kd3 Rxc1 40.
Bxc1 Kf5 41. Kc4 g4 42. hxg4+ Kxg4 43. Bd2 Kf5 44. Be1 Kg4 45. d5 b5+ 46. axb5
axb5+ 47. Kd4 Nxd5 48. Kxd5 h3 1/2-1/2

[Event "20th Amber Rapid"]
[Site "Monaco MNC"]
[Date "2011.03.19"]
[Round "7"]
[White "Karjakin, Sergey"]
[Black "Gashimov, Vugar"]
[Result "1/2-1/2"]
[WhiteTitle "GM"]
[BlackTitle "GM"]
[WhiteElo "2776"]
[BlackElo "2746"]
[WhiteFideId "14109603"]
[BlackFideId "13400630"]
[EventDate "2011.03.12"]

1. e4 e5 2. Bc4 Nf6 3. d3 c6 4. Nf3 d5 5. Bb3 a5 6. Nc3 Bb4 7. a3 Bxc3+ 8. bxc3
a4 9. Ba2 Qd6 10. O-O O-O 11. Bg5 Nbd7 12. Nh4 Nc5 13. f4 Ncxe4 14. dxe4 Nxe4
15. Kh1 Qc5 16. c4 f6 17. cxd5 Nc3 18. d6+ Nxa2 19. d7 Nc3 20. dxc8=Q Raxc8 21.
Qg4 fxg5 22. Qe6+ Kh8 23. Ng6+ hxg6 24. Qh3+ Kg8 25. Qe6+ Kh8 26. Qh3+ 1/2-1/2

[Event "20th Amber Rapid"]
[Site "Monaco MNC"]
[Date "2011.03.19"]
[Round "7"]
[White "Grischuk, Alexander"]
[Black "Ivanchuk, Vassily"]
[Result "0-1"]
[WhiteTitle "GM"]
[BlackTitle "GM"]
[WhiteElo "2747"]
[BlackElo "2779"]
[WhiteFideId "4126025"]
[BlackFideId "14100010"]
[EventDate "2011.03.12"]

1. d4 Nf6 2. c4 e6 3. Nf3 Bb4+ 4. Bd2 Qe7 5. g3 Nc6 6. Nc3 Bxc3 7. Bxc3 Ne4 8.
Rc1 O-O 9. Bg2 d6 10. d5 Nd8 11. Nd2 Nxc3 12. Rxc3 e5 13. c5 dxc5 14. Qc2 c6 15.
Rxc5 Bf5 16. e4 Bg6 17. Qc3 b6 18. Rc4 c5 19. b4 a5 20. b5 Nb7 21. O-O Nd6 22.
a4 Rae8 23. Qb3 f5 24. Rc3 f4 25. Nc4 Nxc4 26. Qxc4 Qd7 27. Qe2 Rf6 28. g4 Bf7
29. f3 g5 30. h4 gxh4 31. Bh3 Rg6 32. Kf2 h5 33. Rh1 Qe7 34. Rcc1 Kh7 35. Rcg1
Reg8 36. Kf1 Kh6 37. Rg2 c4 38. Qxc4 Qa3 39. Rf2 hxg4 40. Bxg4 Rxg4 41. fxg4
Rxg4 42. Qe2 Bh5 43. Rf3 Qc1+ 44. Qe1 Qc4+ 45. Kf2 Qc2+ 0-1

[Event "20th Amber Rapid"]
[Site "Monaco MNC"]
[Date "2011.03.19"]
[Round "7"]
[White "Gelfand, Boris"]
[Black "Aronian, Levon"]
[Result "1/2-1/2"]
[WhiteTitle "GM"]
[BlackTitle "GM"]
[WhiteElo "2733"]
[BlackElo "2808"]
[WhiteFideId "2805677"]
[BlackFideId "13300474"]
[EventDate "2011.03.12"]

1. d4 Nf6 2. c4 e6 3. Nc3 Bb4 4. e3 O-O 5. Ne2 d5 6. a3 Be7 7. Ng3 c6 8. Be2
dxc4 9. Bxc4 Nbd7 10. Ba2 c5 11. d5 exd5 12. Nxd5 Nxd5 13. Qxd5 Nf6 14. Qxd8
Rxd8 15. Bd2 b6 16. f3 Nd5 17. e4 Nc7 18. O-O-O Be6 19. Bxe6 fxe6 20. Bc3 Nb5
21. Be5 Bf6 22. Bxf6 1/2-1/2

[Event "20th Amber Rapid"]
[Site "Monaco MNC"]
[Date "2011.03.20"]
[Round "8"]
[White "Aronian, Levon"]
[Black "Anand, Viswanathan"]
[Result "1-0"]
[WhiteTitle "GM"]
[BlackTitle "GM"]
[WhiteElo "2808"]
[BlackElo "2817"]
[WhiteFideId "13300474"]
[BlackFideId "5000017"]
[EventDate "2011.03.12"]

1. c4 c5 2. Nf3 Nf6 3. Nc3 Nc6 4. e3 e6 5. d4 d5 6. a3 a6 7. dxc5 Bxc5 8. b4 Ba7
9. Bb2 O-O 10. Qc2 Qe7 11. Rd1 Rd8 12. Be2 d4 13. exd4 Nxd4 14. Nxd4 Bxd4 15.
O-O e5 16. Na4 Be6 17. c5 Qc7 18. Nb6 Rab8 19. Bxd4 Rxd4 20. Rxd4 exd4 21. Rd1
Rd8 22. h3 g6 23. Qb2 Qf4 24. Bf3 d3 25. Qd2 Qd4 26. Bxb7 a5 27. Bf3 axb4 28.
Qxb4 d2 29. c6 Qe5 30. Nd7 Nxd7 31. Qxd2 Qc7 32. Qd4 Rc8 33. cxd7 Rd8 34. Qb2
Rxd7 35. Rxd7 Qxd7 36. Qb8+ Kg7 37. Qb4 Qd3 38. a4 Bxh3 39. Qb2+ Kg8 40. Be2 Qe4
41. gxh3 Qxa4 42. Qb8+ Kg7 43. Qe5+ Kg8 44. Bf3 Qd7 45. Bd5 Qxh3 46. Qe8+ Kg7
47. Qxf7+ Kh6 48. Qf4+ Kg7 49. Qe5+ Kh6 50. Qe3+ Qxe3 51. fxe3 Kg5 52. Kg2 Kf5
53. Kf3 Ke5 54. Bg8 h6 55. Bf7 Kf5 56. Be8 h5 57. e4+ Kf6 58. Ke3 h4 59. Bd7 1-0

[Event "20th Amber Rapid"]
[Site "Monaco MNC"]
[Date "2011.03.20"]
[Round "8"]
[White "Gashimov, Vugar"]
[Black "Kramnik, Vladimir"]
[Result "1-0"]
[WhiteTitle "GM"]
[BlackTitle "GM"]
[WhiteElo "2746"]
[BlackElo "2785"]
[WhiteFideId "13400630"]
[BlackFideId "4101588"]
[EventDate "2011.03.12"]

1. e4 e5 2. Nf3 Nc6 3. Bb5 Nf6 4. Qe2 Bc5 5. c3 O-O 6. d3 Re8 7. Ba4 d5 8. h3 h6
9. g4 Nh7 10. Nbd2 Bd7 11. Bb3 Be6 12. exd5 Bxd5 13. Ne4 Bf8 14. g5 Bxb3 15.
axb3 Qd5 16. Rg1 h5 17. g6 fxg6 18. Rxg6 Re6 19. Rg3 Be7 20. Nfg5 Bxg5 21. Bxg5
g6 22. c4 Qd7 23. Nc5 Qe8 24. Nxe6 Qxe6 25. Be3 Kh8 26. O-O-O a5 27. Rdg1 Qf5
28. Rf3 Qd7 29. Bd2 a4 30. Bc3 Qd6 31. Qe4 a3 32. bxa3 Nd4 33. Bxd4 exd4 34. Kc2
Rxa3 35. Rxg6 Ra2+ 36. Kb1 Ra1+ 37. Kxa1 Qa3+ 38. Kb1 Qxb3+ 39. Kc1 1-0

[Event "20th Amber Rapid"]
[Site "Monaco MNC"]
[Date "2011.03.22"]
[Round "9"]
[White "Grischuk, Alexander"]
[Black "Giri, Anish"]
[Result "1-0"]
[WhiteTitle "GM"]
[BlackTitle "GM"]
[WhiteElo "2747"]
[BlackElo "2690"]
[WhiteFideId "4126025"]
[BlackFideId "24116068"]
[EventDate "2011.03.12"]

1. d4 Nf6 2. c4 g6 3. Nc3 d5 4. Nf3 Bg7 5. Qa4+ Bd7 6. Qb3 dxc4 7. Qxc4 a6 8.
Bf4 Nc6 9. Rd1 O-O 10. e3 Rc8 11. Be2 Na7 12. O-O Nb5 13. Be5 Be6 14. d5 Bd7 15.
Qb3 Nd6 16. Nd4 Rb8 17. h3 c5 18. Ne6 fxe6 19. dxe6 Kh8 20. exd7 Qxd7 21. Qb6
Qc6 22. Qxc6 bxc6 23. b3 Nfe4 24. Nxe4 Bxe5 25. Nxc5 Ra8 26. Nd7 1-0

[Event "20th Amber Rapid"]
[Site "Monaco MNC"]
[Date "2011.03.22"]
[Round "9"]
[White "Karjakin, Sergey"]
[Black "Ivanchuk, Vassily"]
[Result "1/2-1/2"]
[WhiteTitle "GM"]
[BlackTitle "GM"]
[WhiteElo "2776"]
[BlackElo "2779"]
[WhiteFideId "14109603"]
[BlackFideId "14100010"]
[EventDate "2011.03.12"]

1. e4 e6 2. d4 d5 3. Nc3 Bb4 4. e5 c5 5. a3 Bxc3+ 6. bxc3 Qc7 7. Qg4 f5 8. Qg3
Nc6 9. Nf3 cxd4 10. cxd4 Nge7 11. Rb1 O-O 12. Bh6 Qa5+ 13. Bd2 Qa4 14. c3 Qc2
15. Rc1 Qe4+ 16. Be2 f4 17. Qh4 h6 18. Kf1 Bd7 19. Ne1 Qf5 20. Bd3 Ng6 21. Bxf5
Nxh4 22. Bd3 Na5 23. Rb1 Rac8 24. g3 Nf5 25. Ke2 b6 26. Rb4 Be8 27. Rg1 Bg6 28.
g4 Nh4 29. Bxg6 Nxg6 30. Nf3 Nc4 31. a4 Ne7 32. Bc1 g6 33. h4 Rf7 34. Ne1 Nc6
35. Rb1 Kg7 36. Rh1 Rh8 37. Rh3 h5 38. f3 g5 39. hxg5 hxg4 40. Rxh8 Kxh8 41.
fxg4 Ne7 42. Kf3 Ng6 43. Ng2 Rh7 44. Nxf4 Nxf4 45. Bxf4 Kg7 46. Kg3 Kg6 47. Rf1
Rf7 48. Rf2 Na3 49. a5 bxa5 50. Rb2 Nc4 51. Rb8 Re7 52. Bc1 a4 53. Rb4 a3 54.
Ra4 a5 55. Bxa3 Rb7 56. Bc5 Rb3 57. Ra2 Rxc3+ 58. Kf4 Rh3 59. Be7 Rh1 60. Rf2
Rh7 61. Bd8 Rf7+ 62. Bf6 a4 63. Ra2 a3 64. Kf3 Rb7 65. Kf4 Rh7 66. Kg3 Rh1 67.
Be7 Rg1+ 68. Kh4 Rh1+ 69. Kg3 Rh7 70. Bc5 Rb7 71. Kh4 Rb2 72. Rxa3 Nxa3 73. Bxa3
Rh2+ 74. Kg3 Rd2 75. Bc5 Kxg5 76. Be7+ Kg6 77. Bc5 Re2 78. Kf3 Re1 79. Kg3 Rf1
80. Kg2 Rf7 81. Kg3 Kg5 82. Bb6 Rb7 83. Bd8+ Kg6 84. Kf4 Rb3 85. Be7 Rb7 86. Bc5
Rf7+ 87. Kg3 Kg5 88. Bb6 Rb7 89. Bd8+ Kg6 90. Kf4 Rb4 91. Ke3 Kf7 92. Bc7 Ra4
93. Bb6 Kg6 94. Kf3 Ra1 95. Kf4 Re1 96. Bc5 Re2 97. Kf3 Re4 98. Kg3 Kf7 99. Kh4
Re3 100. Kg5 Kg7 101. Kf4 Rh3 102. Kg5 Kf7 103. Bd6 Rh8 104. Bc5 Rg8+ 105. Kh5
Ke8 106. Bd6 Kf7 107. Bc5 Rg6 108. Bd6 Kg7 109. Bf8+ Kh7 110. Bc5 Rg7 111. Bf8
Rf7 112. Bc5 Kg7 113. Kg5 Rf3 114. Kh5 Kf7 115. Kg5 Rh3 116. Bd6 Rh7 117. Bc5 1/2-1/2

[Event "20th Amber Rapid"]
[Site "Monaco MNC"]
[Date "2011.03.23"]
[Round "10"]
[White "Aronian, Levon"]
[Black "Topalov, Veselin"]
[Result "1/2-1/2"]
[WhiteTitle "GM"]
[BlackTitle "GM"]
[WhiteElo "2808"]
[BlackElo "2775"]
[WhiteFideId "13300474"]
[BlackFideId "2900084"]
[EventDate "2011.03.12"]

1. c4 e5 2. g3 Nc6 3. Bg2 g6 4. Nc3 Bg7 5. Rb1 a5 6. a3 f5 7. b4 axb4 8. axb4 e4
9. Nh3 Nge7 10. O-O O-O 11. Nd5 d6 12. d3 exd3 13. exd3 Nxd5 14. Bxd5+ Kh8 15.
Ng5 Qf6 16. h4 h6 17. Re1 Nd4 18. Be3 c6 19. Nf3 cxd5 20. Bxd4 Qf7 21. Ra1 Rxa1
22. Qxa1 dxc4 23. dxc4 Kg8 24. Bxg7 Qxg7 25. Qd1 Qf6 26. Qd5+ Kh8 27. Rd1 f4 28.
Qxd6 Qxd6 29. Rxd6 fxg3 30. fxg3 Rxf3 31. Rd8+ Kg7 32. Rxc8 Rxg3+ 33. Kf2 Rg4
34. b5 b6 35. Rc7+ Kf6 36. Rc6+ Ke5 37. Rxb6 1/2-1/2

[Event "20th Amber Rapid"]
[Site "Monaco MNC"]
[Date "2011.03.23"]
[Round "10"]
[White "Ivanchuk, Vassily"]
[Black "Kramnik, Vladimir"]
[Result "1/2-1/2"]
[WhiteTitle "GM"]
[BlackTitle "GM"]
[WhiteElo "2779"]
[BlackElo "2785"]
[WhiteFideId "14100010"]
[BlackFideId "4101588"]
[EventDate "2011.03.12"]

1. d4 Nf6 2. c4 e6 3. Nc3 Bb4 4. Qc2 O-O 5. a3 Bxc3+ 6. Qxc3 d5 7. Bg5 dxc4 8.
Qxc4 b6 9. Rd1 Ba6 10. Qc2 h6 11. Bh4 Nbd7 12. e4 Bxf1 13. Kxf1 Qc8 14. Ne2 Qb7
15. f3 c5 16. Kf2 Rac8 17. Qd2 cxd4 18. Nxd4 Nxe4+ 19. fxe4 Nc5 20. Qe3 Nxe4+
21. Kg1 Qd5 22. h3 g5 23. Be1 f5 24. h4 g4 25. Qxh6 Rf6 26. Qe3 Rd8 27. Kh2 f4
28. Qe2 g3+ 29. Kg1 e5 30. Qg4+ Kf7 31. Qh5+ Kg8 32. Qg4+ Kf7 33. Qh5+ Kg8 34.
Qg4+ 1/2-1/2

[Event "20th Amber Rapid"]
[Site "Monaco MNC"]
[Date "2011.03.23"]
[Round "10"]
[White "Giri, Anish"]
[Black "Gelfand, Boris"]
[Result "1/2-1/2"]
[WhiteTitle "GM"]
[BlackTitle "GM"]
[WhiteElo "2690"]
[BlackElo "2733"]
[WhiteFideId "24116068"]
[BlackFideId "2805677"]
[EventDate "2011.03.12"]

1. e4 c5 2. Nf3 Nc6 3. d4 cxd4 4. Nxd4 Qb6 5. Nb3 Nf6 6. Nc3 e6 7. Qe2 Bb4 8.
Bd2 O-O 9. a3 Be7 10. O-O-O d5 11. exd5 Nxd5 12. Nxd5 exd5 13. Be3 Qc7 14. Kb1
Bf6 15. Qd2 Bf5 16. Bd3 Bxd3 17. Qxd3 Ne5 18. Qf5 Nc4 19. Bd4 Bxd4 20. Rxd4 g6
21. Qxd5 Rac8 22. Qe4 b5 23. h4 a5 24. h5 a4 25. Nc1 Rfe8 26. Qd3 Qe5 27. hxg6
hxg6 28. c3 Kg7 29. Rd5 Qf4 30. Qd4+ Qxd4 31. Rxd4 Rc5 32. Rhd1 Rf5 33. f3 Ne3
34. Re1 Re6 35. Rd2 Nc4 36. Rde2 Rd6 37. Na2 g5 38. Nb4 g4 39. fxg4 Rf4 40. Nc2
Rxg4 41. Nd4 Rd5 42. Rf2 Kg6 43. Re8 Rdg5 44. Nf3 Rf5 45. Rg8+ Kh5 46. Rh8+ Kg6
47. Rg8+ Kh5 48. Rh8+ Kg6 49. Re2 Kf6 50. Rb8 Rd5 51. Nd4 Rdg5 52. Rf2+ Kg6 53.
Rxb5 Rxg2 54. Rxg5+ Rxg5 55. Kc2 f5 56. Ne6 Rg4 57. Nc5 Ne5 58. Kd2 Kf6 59. Nd3
Nc4+ 60. Ke2 Re4+ 61. Kd1 Ne3+ 62. Kd2 Nc4+ 63. Kc2 Rh4 64. Nc5 Ne5 65. b3 axb3+
66. Kxb3 Rh8 67. Rf4 Rc8 68. Ne4+ Ke6 69. Ng5+ Kf6 70. Ne4+ Ke6 71. Ng3 Rb8+ 72.
Rb4 Rf8 73. Ne2 Nd3 74. Rd4 Rb8+ 75. Kc2 Nc5 76. Rb4 Rc8 77. Nf4+ Ke5 78. Rc4
Ra8 79. Ng6+ Kf6 80. Nf4 Ke5 81. Ne2 Kd5 82. Rd4+ Kc6 83. Rf4 Rxa3 84. Nd4+ Kd5
85. Nxf5 Ra2+ 86. Kb1 Rh2 87. Ne3+ Kc6 88. Nc2 Rh1+ 89. Ka2 Rh2 90. Rf6+ Kb5 91.
Kb2 Na4+ 92. Kb3 Nc5+ 93. Kb2 1/2-1/2

[Event "20th Amber Rapid"]
[Site "Monaco MNC"]
[Date "2011.03.23"]
[Round "10"]
[White "Carlsen, Magnus"]
[Black "Grischuk, Alexander"]
[Result "1-0"]
[WhiteTitle "GM"]
[BlackTitle "GM"]
[WhiteElo "2815"]
[BlackElo "2747"]
[WhiteFideId "1503014"]
[BlackFideId "4126025"]
[EventDate "2011.03.12"]

1. e4 c5 2. Nc3 d6 3. Nf3 a6 4. d4 cxd4 5. Nxd4 Nf6 6. Be3 Ng4 7. Bg5 h6 8. Bh4
g5 9. Bg3 Bg7 10. Qd2 Nc6 11. Nb3 Be6 12. h4 gxh4 13. Bxh4 Qb6 14. O-O-O Rc8 15.
Kb1 h5 16. Nd5 Bxd5 17. exd5 Nce5 18. Re1 Ng6 19. f3 Bh6 20. Qe2 N4e5 21. Bf2
Qc7 22. Qe4 Bg7 23. Bd4 Bf6 24. Be2 Nd7 25. Bd3 Be5 26. Qf5 Nf4 27. Bxe5 dxe5
28. g3 Nxd3 29. Qxd3 Qc4 30. Qd2 b6 31. Rh4 Qc7 32. f4 f6 33. g4 a5 34. Rxh5 Rg8
35. g5 a4 36. Nc1 a3 37. gxf6 exf6 38. fxe5 fxe5 39. Nd3 axb2 40. Nxe5 Nxe5 41.
d6 Qd7 42. Qd5 Kf8 43. Qxe5 Rc5 44. Rf1+ 1-0

[Event "20th Amber Rapid"]
[Site "Monaco MNC"]
[Date "2011.03.23"]
[Round "10"]
[White "Gashimov, Vugar"]
[Black "Anand, Viswanathan"]
[Result "0-1"]
[WhiteTitle "GM"]
[BlackTitle "GM"]
[WhiteElo "2746"]
[BlackElo "2817"]
[WhiteFideId "13400630"]
[BlackFideId "5000017"]
[EventDate "2011.03.12"]

1. e4 e6 2. d4 d5 3. Nc3 Nf6 4. Bg5 dxe4 5. Nxe4 Be7 6. Bxf6 gxf6 7. Qd3 Nc6 8.
O-O-O Nb4 9. Qb3 Qd5 10. Qxd5 Nxd5 11. Bc4 Nb6 12. Bb5+ c6 13. Be2 f5 14. Ng3 c5
15. Bb5+ Nd7 16. d5 a6 17. Be2 Nf6 18. dxe6 fxe6 19. Nh3 b5 20. Rhe1 Rb8 21. Nh5
Rb6 22. Kb1 Rg8 23. N3f4 Kf7 24. Nxf6 Kxf6 25. Rd3 Bd6 26. Nh5+ Kf7 27. Red1 Ke7
28. Rh3 Rxg2 29. Ng3 Bxg3 30. Rxh7+ Kf6 31. hxg3 Rxf2 32. Bh5 Bb7 33. Re1 Be4
34. Rf7+ Kg5 35. Bd1 Rd6 36. Kc1 Rdd2 37. g4 Bxc2 38. gxf5 Bxf5 39. Rf1 Rxb2 40.
Rxf2 Rxf2 0-1

[Event "20th Amber Rapid"]
[Site "Monaco MNC"]
[Date "2011.03.24"]
[Round "11"]
[White "Topalov, Veselin"]
[Black "Ivanchuk, Vassily"]
[Result "1-0"]
[WhiteTitle "GM"]
[BlackTitle "GM"]
[WhiteElo "2775"]
[BlackElo "2779"]
[WhiteFideId "2900084"]
[BlackFideId "14100010"]
[EventDate "2011.03.12"]

1. e4 e5 2. Nf3 Nc6 3. Bb5 a6 4. Ba4 Nf6 5. O-O Be7 6. Re1 b5 7. Bb3 d6 8. c3
O-O 9. h3 Na5 10. Bc2 c5 11. d4 Qc7 12. Nbd2 cxd4 13. cxd4 Nc6 14. Nb3 a5 15.
Be3 a4 16. Nbd2 Bd7 17. Rc1 Qb7 18. Bb1 h6 19. Nf1 Rfe8 20. d5 Na5 21. b3 Bd8
22. Bd3 Bb6 23. b4 Nc4 24. Bxc4 bxc4 25. a3 Rac8 26. Bxb6 Qxb6 27. Rc3 Nh5 28.
Ne3 Nf4 29. Qc2 Rc7 30. Rc1 Rec8 31. Qd2 Bb5 32. R1c2 f6 33. Kh2 Nd3 34. Qe2 Qa6
35. g3 g6 36. Nh4 Kh7 37. Ng4 h5 38. Nxf6+ Kg7 39. Nxh5+ gxh5 40. Qxh5 Bd7 41.
Qg6+ Kh8 42. Qf7 1-0